| 000 | 00832nam a2200229 4500 | ||
|---|---|---|---|
| 999 |
_c8126 _d8126 |
||
| 003 | AR-CdUCM | ||
| 008 | 190322b ||||| |||| 00| 0 spa d | ||
| 020 | _a9972-47-016-4 | ||
| 040 |
_aMUNICIPALIDAD PROVINCIAL DEL CUSCO _cBIBLIOTECA MUNICIPAL DEL CUSCO |
||
| 082 |
_a333.7511 / _bEL42 |
||
| 100 |
_aElliot, Jorge _922940 |
||
| 245 | _aPotencial Forestal en el Alto Mayo / | ||
| 260 |
_aLima : _bIntermediate Technology Development Group, _c1998. |
||
| 300 |
_a79 paginas ; _bilustraciones, graficos, retratos, _c20 cm. |
||
| 505 | _aContenido: Recursos forestales -- extracción de madera -- transformación de la materia -- Lineamiento | ||
| 650 |
_aForestación _922944 |
||
| 650 |
_aMadera _91244 |
||
| 650 |
_aExtracción y transformación _922945 |
||
| 650 |
_aLienamiento _922946 |
||
| 942 |
_2ddc _cLIBROS |
||
| 945 | _apjha | ||